[Event "Agen 2017 - Open A"]
[Site "?"]
[Date "2017.08.20"]
[Round "2.3"]
[White "De Seroux, Camille"]
[Black "Karapetian, Rouben"]
[Result "1-0"]
[LiveChessVersion "1.4.8"]
[BlackElo "2079"]
[WhiteElo "2176"]

1. e4 {[%clk 1:30:56]} c5 {[%clk 1:30:44]} 2. Nc3 {[%clk 1:31:13]} Nc6
{[%clk 1:29:56]} 3. Bb5 {[%clk 1:31:35]} Nd4 {[%clk 1:27:18]} 4. Bc4
{[%clk 1:31:29]} e6 {[%clk 1:27:11]} 5. Nf3 {[%clk 1:31:09]} a6 {[%clk 1:23:06]}
6. d3 {[%clk 1:31:07]} b5 {[%clk 1:22:13]} 7. Bb3 {[%clk 1:31:29]} Bb7
{[%clk 1:21:00]} 8. Nxd4 {[%clk 1:22:41]} cxd4 {[%clk 1:21:28]} 9. Ne2
{[%clk 1:22:58]} d5 {[%clk 1:12:39]} 10. Nxd4 {[%clk 0:53:02]} dxe4
{[%clk 1:11:01]} 11. dxe4 {[%clk 0:53:11]} Bxe4 {[%clk 1:03:21]} 12. O-O
{[%clk 0:52:56]} Nf6 {[%clk 1:02:08]} 13. Re1 {[%clk 0:47:43]} Be7
{[%clk 0:55:16]} 14. Bg5 {[%clk 0:39:19]} Bd5 {[%clk 0:46:51]} 15. c3
{[%clk 0:38:41]} O-O {[%clk 0:41:54]} 16. Bc2 {[%clk 0:30:00]} Qc7
{[%clk 0:33:10]} 17. Qd3 {[%clk 0:27:22]} g6 {[%clk 0:27:45]} 18. Qh3
{[%clk 0:21:29]} Nh5 {[%clk 0:23:34]} 19. Bxe7 {[%clk 0:20:45]} Qxe7
{[%clk 0:23:55]} 20. Be4 {[%clk 0:19:30]} Rad8 {[%clk 0:20:53]} 21. Qf3
{[%clk 0:15:40]} Qg5 {[%clk 0:18:27]} 22. a4 {[%clk 0:12:05]} bxa4
{[%clk 0:13:04]} 23. Rxa4 {[%clk 0:07:45]} Qd2 {[%clk 0:12:16]} 24. Qe3
{[%clk 0:05:01]} Qxe3 {[%clk 0:09:15]} 25. Rxe3 {[%clk 0:05:24]} e5
{[%clk 0:07:59]} 26. Nf3 {[%clk 0:01:10]} Bxe4 {[%clk 0:06:03]} 27. Rexe4
{[%clk 0:01:06]} Rd1+ {[%clk 0:05:19]} 28. Re1 {[%clk 0:01:06]} Rfd8
{[%clk 0:04:45]} 29. g3 {[%clk 0:01:06]} Rxe1+ {[%clk 0:03:27]} 30. Nxe1
{[%clk 0:01:34]} Rd2 {[%clk 0:03:01]} 31. b4 {[%clk 0:01:29]} Nf6
{[%clk 0:01:50]} 32. Rxa6 {[%clk 0:01:13]} Ne4 {[%clk 0:01:50]} 33. Nf3
{[%clk 0:01:17]} Rd1+ {[%clk 0:01:21]} 34. Kg2 {[%clk 0:01:46]} Nxc3
{[%clk 0:01:15]} 35. Nxe5 {[%clk 0:01:55]} Rb1 {[%clk 0:01:00]} 36. Rb6
{[%clk 0:01:15]} Kg7 {[%clk 0:00:57]} 37. Rb7 {[%clk 0:01:17]} Nd5
{[%clk 0:00:49]} 38. b5 {[%clk 0:01:19]} Kf6 {[%clk 0:00:37]} 39. Nxf7
{[%clk 0:01:16]} Nc3 {[%clk 0:00:58]} 40. Nd6 {[%clk 0:31:00]} Ke5
{[%clk 0:30:48]} 41. Nc4+ {[%clk 0:21:44]} Kd4 {[%clk 0:29:59]} 42. Nd2
{[%clk 0:20:07]} Rb2 {[%clk 0:29:37]} 43. Nf3+ {[%clk 0:18:31]} Kd5
{[%clk 0:25:29]} 44. Rd7+ {[%clk 0:12:21]} Ke6 {[%clk 0:25:39]} 45. Rxh7
{[%clk 0:12:28]} Ne4 {[%clk 0:25:02]} 46. Nd4+ {[%clk 0:11:18]} Kf6
{[%clk 0:23:46]} 47. Rh4 {[%clk 0:07:40]} Nc3 {[%clk 0:19:22]} 48. Rf4+
{[%clk 0:07:18]} Ke5 {[%clk 0:16:37]} 49. h4 {[%clk 0:06:49]} Nd5
{[%clk 0:16:25]} 50. Nf3+ {[%clk 0:03:59]} Kd6 {[%clk 0:15:24]} 51. Ra4
{[%clk 0:04:06]} Rxb5 {[%clk 0:13:31]} 52. Ra6+ {[%clk 0:04:23]} Nb6
{[%clk 0:13:54]} 53. Kh3 {[%clk 0:04:12]} Kd5 {[%clk 0:12:41]} 54. Kg4
{[%clk 0:04:04]} Ke4 {[%clk 0:11:34]} 55. Ng5+ {[%clk 0:04:07]} Kd5
{[%clk 0:08:41]} 56. f4 {[%clk 0:04:14]} Rb4 {[%clk 0:08:38]} 57. Nf3
{[%clk 0:03:00]} Ke4 {[%clk 0:06:11]} 58. Ne5 {[%clk 0:02:38]} Nd5
{[%clk 0:06:12]} 59. Rxg6 {[%clk 0:01:57]} Ne3+ {[%clk 0:06:37]} 60. Kg5
{[%clk 0:01:23]} Nf5 {[%clk 0:05:27]} 61. g4 {[%clk 0:01:15]} Ne3
{[%clk 0:03:48]} 62. Re6 {[%clk 0:00:43]} Kd5 {[%clk 0:02:38]} 63. Re8
{[%clk 0:00:46]} Ng2 {[%clk 0:02:18]} 64. Ng6 {[%clk 0:01:03]} Rb6
{[%clk 0:02:13]} 65. h5 {[%clk 0:01:15]} 1-0

[Event "Agen 2017 - Open A"]
[Site "?"]
[Date "2017.08.20"]
[Round "2.4"]
[White "Degraeve, Remy"]
[Black "Duquesne, Adrien"]
[Result "0-1"]
[LiveChessVersion "1.4.8"]
[BlackElo "2172"]
[WhiteElo "2093"]

1. e4 {[%clk 1:30:56]} c5 {[%clk 1:05:23]} 2. Nf3 {[%clk 1:31:21]} e6
{[%clk 1:05:47]} 3. d4 {[%clk 1:31:39]} cxd4 {[%clk 1:06:09]} 4. Nxd4
{[%clk 1:32:06]} a6 {[%clk 1:06:25]} 5. Bd3 {[%clk 1:32:26]} d6 {[%clk 1:06:20]}
6. O-O {[%clk 1:30:55]} Nf6 {[%clk 1:06:05]} 7. c4 {[%clk 1:30:36]} Be7
{[%clk 1:06:09]} 8. Nc3 {[%clk 1:30:46]} O-O {[%clk 1:06:19]} 9. Be3
{[%clk 1:28:19]} b6 {[%clk 0:58:46]} 10. f3 {[%clk 1:23:37]} Bb7 {[%clk 0:58:23]}
11. Qe2 {[%clk 1:21:55]} Qc7 {[%clk 0:57:51]} 12. Rac1 {[%clk 1:21:31]} Nbd7
{[%clk 0:57:21]} 13. Rfd1 {[%clk 1:13:18]} Rac8 {[%clk 0:55:54]} 14. Qf2
{[%clk 1:08:02]} Qb8 {[%clk 0:54:26]} 15. Qg3 {[%clk 0:57:24]} Kh8
{[%clk 0:48:47]} 16. Nde2 {[%clk 0:44:44]} Ne5 {[%clk 0:24:57]} 17. b3
{[%clk 0:41:45]} Nxd3 {[%clk 0:18:17]} 18. Rxd3 {[%clk 0:41:39]} b5
{[%clk 0:15:16]} 19. cxb5 {[%clk 0:39:59]} axb5 {[%clk 0:15:04]} 20. Qe1
{[%clk 0:14:54]} b4 {[%clk 0:13:56]} 21. Na4 {[%clk 0:14:29]} d5 {[%clk 0:10:20]}
22. exd5 {[%clk 0:09:58]} Nxd5 {[%clk 0:10:20]} 23. Bc5 {[%clk 0:08:21]} Ba6
{[%clk 0:04:38]} 24. Bxe7 {[%clk 0:01:17]} Nxe7 {[%clk 0:04:51]} 25. Rd4
{[%clk 0:01:31]} Qa7 {[%clk 0:02:38]} 26. Rxc8 {[%clk 0:01:34]} Rxc8
{[%clk 0:01:23]} 27. Qf2 {[%clk 0:02:00]} Nd5 {[%clk 0:00:54]} 28. Rd2
{[%clk 0:00:52]} Qc7 {[%clk 0:00:53]} 29. Qd4 {[%clk 0:00:46]} h6
{[%clk 0:00:52]} 30. h4 {[%clk 0:00:49]} Bxe2 {[%clk 0:00:54]} 31. Rxe2
{[%clk 0:01:14]} Qg3 {[%clk 0:00:58]} 32. Rf2 {[%clk 0:00:35]} Nf4
{[%clk 0:00:46]} 33. Nc5 {[%clk 0:00:32]} Nh3+ {[%clk 0:00:46]} 34. Kf1
{[%clk 0:00:57]} Qxf2+ {[%clk 0:01:01]} 0-1

[Event "Agen 2017 - Open B"]
[Site "?"]
[Date "2017.08.20"]
[Round "2.1"]
[White "Pigeat, Benoit"]
[Black "Buisson, Lionel"]
[Result "0-1"]
[LiveChessVersion "1.4.8"]
[BlackElo "1976"]
[WhiteElo "1872"]

1. e4 {[%clk 1:30:58]} e5 {[%clk 1:30:54]} 2. Nf3 {[%clk 1:31:00]} Nc6
{[%clk 1:31:13]} 3. Bb5 {[%clk 1:31:12]} a6 {[%clk 1:31:18]} 4. Ba4
{[%clk 1:30:58]} Nf6 {[%clk 1:31:27]} 5. O-O {[%clk 1:30:57]} Be7
{[%clk 1:30:51]} 6. Re1 {[%clk 1:30:10]} b5 {[%clk 1:30:19]} 7. Bb3
{[%clk 1:30:34]} d6 {[%clk 1:29:40]} 8. h3 {[%clk 1:30:30]} Na5 {[%clk 1:27:56]}
9. c3 {[%clk 1:30:41]} c5 {[%clk 1:27:01]} 10. d4 {[%clk 1:30:35]} Qc7
{[%clk 1:23:34]} 11. d5 {[%clk 1:28:48]} O-O {[%clk 1:17:46]} 12. Bc2
{[%clk 1:28:34]} Re8 {[%clk 1:15:06]} 13. Bg5 {[%clk 1:27:15]} Bb7
{[%clk 1:03:27]} 14. Bxf6 {[%clk 1:27:12]} Bxf6 {[%clk 1:03:27]} 15. b3
{[%clk 1:27:11]} Bc8 {[%clk 0:57:15]} 16. Nbd2 {[%clk 1:26:32]} Nb7
{[%clk 0:49:19]} 17. Qe2 {[%clk 1:24:54]} Bd7 {[%clk 0:45:59]} 18. Reb1
{[%clk 1:20:41]} g6 {[%clk 0:39:32]} 19. g4 {[%clk 1:20:04]} Qc8 {[%clk 0:32:24]}
20. Kh2 {[%clk 1:16:24]} Kg7 {[%clk 0:19:47]} 21. Rg1 {[%clk 1:16:26]} Bd8
{[%clk 0:18:48]} 22. c4 {[%clk 1:08:33]} h5 {[%clk 0:12:44]} 23. gxh5
{[%clk 1:04:21]} Rh8 {[%clk 0:08:01]} 24. Ng5 {[%clk 1:03:56]} Rxh5
{[%clk 0:05:22]} 25. Ne6+ {[%clk 1:03:45]} Kh6 {[%clk 0:02:44]} 26. Qe3+
{[%clk 0:57:24]} g5 {[%clk 0:01:16]} 27. Qf3 {[%clk 0:56:29]} Bxe6
{[%clk 0:01:08]} 28. dxe6 {[%clk 0:56:51]} Qxe6 {[%clk 0:01:32]} 29. Nf1
{[%clk 0:56:09]} Ba5 {[%clk 0:00:44]} 30. Rd1 {[%clk 0:55:37]} Rh8
{[%clk 0:00:44]} 31. Ng3 {[%clk 0:55:32]} Qxh3# {[%clk 0:01:11]} 0-1

[Event "Agen 2017 - Open B"]
[Site "?"]
[Date "2017.08.20"]
[Round "2.2"]
[White "Kozlowski, Thierry"]
[Black "Letort, Samuel"]
[Result "1-0"]
[LiveChessVersion "1.4.8"]
[BlackElo "1871"]
[WhiteElo "1976"]

1. Nf3 {[%clk 1:30:57]} e6 {[%clk 1:30:30]} 2. c4 {[%clk 1:30:57]} d5
{[%clk 1:30:22]} 3. d4 {[%clk 1:31:22]} Nf6 {[%clk 1:29:46]} 4. Nc3
{[%clk 1:29:08]} c5 {[%clk 1:25:36]} 5. e3 {[%clk 1:29:15]} Nc6 {[%clk 1:24:55]}
6. a3 {[%clk 1:29:19]} cxd4 {[%clk 1:18:54]} 7. exd4 {[%clk 1:29:43]} dxc4
{[%clk 1:18:06]} 8. Bxc4 {[%clk 1:30:08]} Be7 {[%clk 1:14:09]} 9. O-O
{[%clk 1:29:56]} O-O {[%clk 1:12:42]} 10. Qd3 {[%clk 1:14:41]} Qa5
{[%clk 1:09:55]} 11. Bd2 {[%clk 0:52:10]} Qh5 {[%clk 1:08:45]} 12. Rad1
{[%clk 0:44:42]} a6 {[%clk 0:57:07]} 13. Ba2 {[%clk 0:31:42]} Rd8
{[%clk 0:47:20]} 14. Bf4 {[%clk 0:24:24]} b5 {[%clk 0:43:37]} 15. Bb1
{[%clk 0:15:39]} Nd5 {[%clk 0:36:15]} 16. Ne2 {[%clk 0:13:35]} Bb7 17. Bc1
{[%clk 0:07:59]} Nf6 {[%clk 0:26:32]} 18. Nf4 {[%clk 0:06:25]} Qf5
{[%clk 0:07:45]} 19. Qe2 {[%clk 0:06:14]} Nxd4 {[%clk 0:04:56]} 20. Nxd4
{[%clk 0:04:11]} Qc5 {[%clk 0:03:17]} 21. b4 {[%clk 0:02:58]} Qc7
{[%clk 0:02:12]} 22. Nh5 {[%clk 0:01:04]} e5 {[%clk 0:01:21]} 23. Nf5
{[%clk 0:00:59]} Nxh5 {[%clk 0:00:50]} 24. Nxe7+ {[%clk 0:01:19]} Qxe7
{[%clk 0:01:15]} 25. Qxh5 {[%clk 0:01:46]} g6 {[%clk 0:01:28]} 26. Qg5
{[%clk 0:01:39]} f6 {[%clk 0:01:19]} 27. Ba2+ {[%clk 0:02:08]} Kg7
{[%clk 0:01:48]} 28. Qh6+ {[%clk 0:01:31]} Kh8 {[%clk 0:02:17]} 29. Be3
{[%clk 0:01:22]} Rxd1 {[%clk 0:02:13]} 30. Rxd1 {[%clk 0:01:48]} Qc7
{[%clk 0:01:45]} 31. Bc5 {[%clk 0:01:42]} Qc6 {[%clk 0:01:35]} 32. f3
{[%clk 0:01:21]} e4 {[%clk 0:01:25]} 33. Rd6 {[%clk 0:00:47]} Qc7
{[%clk 0:00:36]} 34. Rxf6 {[%clk 0:01:05]} 1-0

[Event "Agen 2017 - Open B"]
[Site "?"]
[Date "2017.08.20"]
[Round "2.3"]
[White "Jeanjean, Laurent"]
[Black "Vandervorst, Jean-Marc"]
[Result "1-0"]
[LiveChessVersion "1.4.8"]
[BlackElo "1975"]
[WhiteElo "1870"]

1. d4 {[%clk 1:30:33]} d5 {[%clk 1:30:44]} 2. c4 {[%clk 1:27:32]} e6
{[%clk 1:30:57]} 3. Nc3 {[%clk 1:27:51]} Nf6 {[%clk 1:30:48]} 4. cxd5
{[%clk 1:28:12]} exd5 {[%clk 1:31:02]} 5. Bg5 {[%clk 1:28:19]} Be7
{[%clk 1:30:35]} 6. e3 {[%clk 1:28:13]} c6 {[%clk 1:27:53]} 7. Bd3
{[%clk 1:27:59]} Nbd7 {[%clk 1:26:49]} 8. Nf3 {[%clk 1:25:55]} h6
{[%clk 1:26:30]} 9. Bh4 {[%clk 1:26:13]} O-O {[%clk 1:25:28]} 10. O-O
{[%clk 1:25:12]} Ne4 {[%clk 1:19:23]} 11. Bxe7 {[%clk 1:23:01]} Qxe7
{[%clk 1:19:35]} 12. Qc2 {[%clk 1:22:48]} Re8 {[%clk 1:05:55]} 13. Rab1
{[%clk 1:21:19]} Ndf6 {[%clk 0:55:13]} 14. Ne5 {[%clk 1:16:18]} Bd7
{[%clk 0:38:44]} 15. b4 {[%clk 1:13:22]} Rac8 {[%clk 0:30:49]} 16. Rfc1
{[%clk 1:00:55]} Nd6 {[%clk 0:19:36]} 17. Qb3 {[%clk 0:52:56]} b5
{[%clk 0:19:38]} 18. a4 {[%clk 0:47:07]} a6 {[%clk 0:19:56]} 19. axb5
{[%clk 0:46:23]} axb5 {[%clk 0:20:17]} 20. Ra1 {[%clk 0:43:32]} Ra8
{[%clk 0:19:19]} 21. Ra5 {[%clk 0:38:55]} Nc4 {[%clk 0:18:52]} 22. Bxc4
{[%clk 0:37:29]} dxc4 {[%clk 0:18:53]} 23. Qa3 {[%clk 0:37:22]} Rxa5
{[%clk 0:18:22]} 24. Qxa5 {[%clk 0:37:35]} Ng4 {[%clk 0:17:22]} 25. Nxg4
{[%clk 0:32:15]} Bxg4 {[%clk 0:17:43]} 26. h3 {[%clk 0:30:03]} Be6
{[%clk 0:15:58]} 27. d5 {[%clk 0:23:38]} Bd7 {[%clk 0:13:31]} 28. Rd1
{[%clk 0:16:31]} Qg5 {[%clk 0:09:39]} 29. Kh1 {[%clk 0:12:33]} Qf6
{[%clk 0:05:47]} 30. Qc7 {[%clk 0:10:44]} Bxh3 {[%clk 0:04:01]} 31. Qxc6
{[%clk 0:10:17]} Qxc6 {[%clk 0:03:24]} 32. dxc6 {[%clk 0:10:40]} Be6
{[%clk 0:03:30]} 33. c7 {[%clk 0:10:18]} Rc8 {[%clk 0:02:50]} 34. Rd8+
{[%clk 0:09:55]} Kh7 {[%clk 0:03:08]} 35. Rxc8 {[%clk 0:10:14]} Bxc8
{[%clk 0:03:30]} 36. Nxb5 {[%clk 0:10:35]} 1-0

[Event "Agen 2017 - Open C"]
[Site "?"]
[Date "2017.08.20"]
[Round "2.1"]
[White "Aiglon, Nicolas"]
[Black "Perlant, Matthieu"]
[Result "0-1"]
[LiveChessVersion "1.4.8"]
[BlackElo "1697"]
[WhiteElo "1800"]

1. g3 {[%clk 1:29:50]} Nf6 {[%clk 1:30:52]} 2. Bg2 {[%clk 1:29:32]} g6
{[%clk 1:31:14]} 3. d4 {[%clk 1:27:38]} Bg7 {[%clk 1:31:28]} 4. e4
{[%clk 1:26:27]} d6 {[%clk 1:31:31]} 5. Ne2 {[%clk 1:23:59]} O-O {[%clk 1:31:27]}
6. O-O {[%clk 1:24:19]} c5 {[%clk 1:28:09]} 7. c3 {[%clk 1:19:25]} Nc6
{[%clk 1:23:57]} 8. b3 {[%clk 0:54:41]} Bg4 {[%clk 1:18:41]} 9. f3
{[%clk 0:53:17]} Bd7 {[%clk 1:18:54]} 10. Bb2 {[%clk 0:53:11]} b5
{[%clk 1:10:14]} 11. Na3 {[%clk 0:45:03]} Qb6 {[%clk 1:04:07]} 12. Kh1
{[%clk 0:34:34]} cxd4 {[%clk 0:57:29]} 13. cxd4 {[%clk 0:34:42]} Rac8
{[%clk 0:53:16]} 14. Qd2 {[%clk 0:33:55]} Rc7 {[%clk 0:50:22]} 15. d5
{[%clk 0:29:09]} Na5 {[%clk 0:37:22]} 16. Rac1 {[%clk 0:28:18]} Rfc8
{[%clk 0:32:23]} 17. Rxc7 {[%clk 0:28:08]} Rxc7 {[%clk 0:32:26]} 18. Bd4
{[%clk 0:26:22]} Qa6 {[%clk 0:32:14]} 19. Nc2 {[%clk 0:26:21]} Qc8
{[%clk 0:25:14]} 20. Ne3 {[%clk 0:25:39]} Qa6 {[%clk 0:22:53]} 21. Qb2
{[%clk 0:24:04]} Nb7 {[%clk 0:19:51]} 22. b4 {[%clk 0:21:57]} Ne8
{[%clk 0:16:08]} 23. Bxg7 {[%clk 0:20:03]} Nxg7 {[%clk 0:16:20]} 24. Nd4
{[%clk 0:19:12]} Qb6 {[%clk 0:15:42]} 25. f4 {[%clk 0:18:54]} e5 {[%clk 0:07:33]}
26. fxe5 {[%clk 0:13:39]} dxe5 {[%clk 0:07:57]} 27. Qf2 {[%clk 0:09:26]} Nd8
{[%clk 0:01:54]} 28. Nf3 {[%clk 0:09:26]} Rc3 {[%clk 0:01:19]} 29. Nxe5
{[%clk 0:07:06]} Qxe3 {[%clk 0:01:25]} 30. Qxe3 {[%clk 0:07:12]} Rxe3
{[%clk 0:03:47]} 31. Nxd7 {[%clk 0:07:35]} Nb7 {[%clk 0:01:55]} 32. Nf6+
{[%clk 0:07:05]} Kh8 {[%clk 0:02:02]} 33. Ng4 {[%clk 0:07:01]} Re2
{[%clk 0:01:21]} 34. a3 {[%clk 0:06:45]} f5 {[%clk 0:01:04]} 35. e5
{[%clk 0:05:40]} a5 {[%clk 0:00:43]} 36. d6 {[%clk 0:05:41]} axb4
{[%clk 0:00:37]} 37. axb4 {[%clk 0:05:54]} Nd8 {[%clk 0:00:38]} 38. Nh6
{[%clk 0:06:21]} Rxe5 39. Bb7 {[%clk 0:04:12]} Nge6 {[%clk 0:00:55]} 40. Bc8
{[%clk 0:34:27]} Kg7 {[%clk 0:31:12]} 41. Ra1 {[%clk 0:30:25]} Kxh6
{[%clk 0:29:31]} 42. Ra6 {[%clk 0:24:00]} Rd5 {[%clk 0:25:03]} 43. Kg2
{[%clk 0:20:10]} Rd4 {[%clk 0:23:34]} 44. h4 {[%clk 0:20:04]} Rxb4
{[%clk 0:22:29]} 45. Bxe6 {[%clk 0:20:18]} Nxe6 {[%clk 0:22:07]} 46. d7
{[%clk 0:20:43]} Nd8 {[%clk 0:16:29]} 47. Ra8 {[%clk 0:20:59]} Ne6
{[%clk 0:16:14]} 48. Re8 {[%clk 0:20:41]} Rd4 {[%clk 0:15:47]} 49. Rxe6
{[%clk 0:20:31]} Rxd7 {[%clk 0:16:12]} 50. Rb6 {[%clk 0:20:57]} Rd5
{[%clk 0:15:54]} 51. Kf3 {[%clk 0:21:26]} Kh5 {[%clk 0:14:52]} 52. Rb7
{[%clk 0:19:55]} h6 {[%clk 0:13:51]} 53. Rb6 {[%clk 0:19:53]} g5 {[%clk 0:13:14]}
54. hxg5 {[%clk 0:20:17]} hxg5 {[%clk 0:13:05]} 55. Rb8 {[%clk 0:20:22]} Rd3+
{[%clk 0:12:22]} 56. Kf2 {[%clk 0:20:47]} Rb3 {[%clk 0:12:13]} 57. Rh8+
{[%clk 0:20:09]} Kg4 {[%clk 0:12:20]} 58. Rg8 {[%clk 0:19:15]} Rxg3
{[%clk 0:12:13]} 0-1

[Event "Agen 2017 - Open C"]
[Site "?"]
[Date "2017.08.20"]
[Round "2.2"]
[White "Moracchini, Margaux"]
[Black "Rohrhurst, Werner"]
[Result "0-1"]
[LiveChessVersion "1.4.8"]
[BlackElo "1795"]
[WhiteElo "1691"]

1. e4 {[%clk 1:30:51]} e5 {[%clk 1:30:13]} 2. Nf3 {[%clk 1:31:01]} Nc6
{[%clk 1:30:22]} 3. d4 {[%clk 1:31:12]} exd4 {[%clk 1:30:11]} 4. Nxd4
{[%clk 1:31:34]} d6 {[%clk 1:23:49]} 5. Nc3 {[%clk 1:27:11]} Bd7 {[%clk 1:23:27]}
6. Bc4 {[%clk 1:26:01]} Nf6 {[%clk 1:21:42]} 7. a3 {[%clk 1:25:10]} Be7
{[%clk 1:21:50]} 8. O-O {[%clk 1:24:45]} O-O {[%clk 1:21:00]} 9. f3
{[%clk 1:23:07]} Nxd4 {[%clk 1:18:16]} 10. Qxd4 {[%clk 1:23:27]} Be6
{[%clk 1:17:32]} 11. Be3 {[%clk 1:21:50]} Nd7 {[%clk 1:17:53]} 12. Rad1
{[%clk 1:16:19]} c5 {[%clk 1:17:39]} 13. Qd2 {[%clk 1:10:47]} Bxc4
{[%clk 1:16:49]} 14. Rf2 {[%clk 1:09:47]} Nb6 {[%clk 1:11:48]} 15. b3
{[%clk 1:08:41]} Ba6 {[%clk 1:11:46]} 16. Rb1 {[%clk 1:02:33]} Bf6
{[%clk 1:11:36]} 17. Nd5 {[%clk 1:02:43]} Nxd5 {[%clk 1:11:35]} 18. Qxd5
{[%clk 1:00:57]} Qc7 {[%clk 1:09:43]} 19. c4 {[%clk 0:59:22]} b6 {[%clk 1:07:48]}
20. Rd2 {[%clk 0:56:24]} Rad8 {[%clk 1:06:13]} 21. Rbd1 {[%clk 0:48:37]} Bb7
{[%clk 1:01:23]} 22. Qf5 {[%clk 0:45:49]} Bc3 {[%clk 0:59:33]} 23. Rd3
{[%clk 0:45:09]} Bb2 {[%clk 0:55:42]} 24. Bc1 {[%clk 0:42:26]} Bxc1
{[%clk 0:54:13]} 25. Rxc1 {[%clk 0:42:51]} f6 {[%clk 0:53:09]} 26. Rcd1
{[%clk 0:32:30]} d5 {[%clk 0:45:33]} 27. exd5 {[%clk 0:24:49]} Bc8
{[%clk 0:41:59]} 28. Qh5 {[%clk 0:22:56]} Qf4 {[%clk 0:39:17]} 29. g3
{[%clk 0:22:06]} Qg5 {[%clk 0:39:04]} 30. Qxg5 {[%clk 0:19:24]} fxg5
{[%clk 0:38:40]} 31. Re1 {[%clk 0:15:57]} Rde8 {[%clk 0:38:39]} 32. Rde3
{[%clk 0:15:38]} Kf7 {[%clk 0:38:19]} 33. g4 {[%clk 0:09:31]} Rxe3
{[%clk 0:38:05]} 34. Rxe3 {[%clk 0:09:56]} Re8 {[%clk 0:38:26]} 35. Rxe8
{[%clk 0:08:53]} Kxe8 {[%clk 0:38:46]} 36. Kf2 {[%clk 0:09:04]} Ke7
{[%clk 0:38:02]} 37. Ke3 {[%clk 0:09:10]} Kd6 {[%clk 0:38:11]} 38. Ke4
{[%clk 0:08:37]} Bd7 {[%clk 0:38:19]} 39. b4 {[%clk 0:06:35]} cxb4
{[%clk 0:36:36]} 40. axb4 {[%clk 0:36:55]} a5 {[%clk 1:04:51]} 41. bxa5
{[%clk 0:37:19]} bxa5 {[%clk 1:05:17]} 42. Kd4 {[%clk 0:37:38]} Ba4
{[%clk 1:04:28]} 43. c5+ {[%clk 0:37:25]} Kd7 {[%clk 1:03:15]} 44. Kc4
{[%clk 0:37:05]} g6 {[%clk 1:01:52]} 45. Kd4 {[%clk 0:34:22]} Bb5
{[%clk 1:02:13]} 46. Kc3 {[%clk 0:33:55]} Be2 {[%clk 1:02:01]} 47. Kb3
{[%clk 0:34:04]} Bxf3 {[%clk 1:01:47]} 48. d6 {[%clk 0:34:25]} Kc6
{[%clk 1:01:50]} 49. Ka4 {[%clk 0:34:46]} Bxg4 {[%clk 1:01:47]} 50. Kxa5
{[%clk 0:35:07]} Kxc5 {[%clk 1:01:49]} 0-1

[Event "Agen 2017 - Open C"]
[Site "?"]
[Date "2017.08.20"]
[Round "2.3"]
[White "Laffonta, Matthias"]
[Black "Arnaud-Audiffren, Alexandre"]
[Result "1-0"]
[LiveChessVersion "1.4.8"]
[BlackElo "1686"]
[WhiteElo "1761"]

1. d4 {[%clk 1:30:56]} Nf6 {[%clk 1:30:48]} 2. Nf3 {[%clk 1:31:08]} e6
{[%clk 1:30:39]} 3. g3 {[%clk 1:30:16]} d5 {[%clk 1:29:33]} 4. Bg2
{[%clk 1:29:47]} Be7 {[%clk 1:29:15]} 5. O-O {[%clk 1:28:18]} O-O
{[%clk 1:27:34]} 6. Bg5 {[%clk 1:26:14]} b6 {[%clk 1:25:27]} 7. Bxf6
{[%clk 1:18:16]} Bxf6 {[%clk 1:25:15]} 8. c3 {[%clk 1:17:09]} Bb7
{[%clk 1:23:25]} 9. Ne5 {[%clk 1:13:14]} Nd7 {[%clk 1:14:38]} 10. f4
{[%clk 1:10:00]} c5 {[%clk 1:11:57]} 11. e3 {[%clk 1:08:16]} Rc8 {[%clk 0:57:01]}
12. Nd2 {[%clk 1:04:30]} b5 {[%clk 0:40:54]} 13. Nb3 {[%clk 0:46:13]} c4
{[%clk 0:22:15]} 14. Nxd7 {[%clk 0:45:12]} Qxd7 {[%clk 0:19:51]} 15. Nc5
{[%clk 0:44:55]} Qc7 {[%clk 0:19:45]} 16. Nxb7 {[%clk 0:44:40]} Qxb7
{[%clk 0:20:13]} 17. g4 {[%clk 0:35:26]} b4 {[%clk 0:19:13]} 18. g5
{[%clk 0:32:16]} Be7 {[%clk 0:19:42]} 19. Qc2 {[%clk 0:32:34]} bxc3
{[%clk 0:19:53]} 20. bxc3 {[%clk 0:32:24]} Rb8 {[%clk 0:19:38]} 21. Rab1
{[%clk 0:32:17]} Qa6 {[%clk 0:19:24]} 22. h4 {[%clk 0:31:03]} f5 {[%clk 0:17:43]}
23. gxf6 {[%clk 0:22:24]} Bxf6 {[%clk 0:16:42]} 24. h5 {[%clk 0:21:14]} Rb6
{[%clk 0:15:22]} 25. Rxb6 {[%clk 0:21:06]} axb6 {[%clk 0:15:41]} 26. e4
{[%clk 0:18:30]} Qa5 {[%clk 0:13:28]} 27. e5 {[%clk 0:17:16]} Be7
{[%clk 0:13:35]} 28. Bh3 {[%clk 0:17:02]} Qa8 {[%clk 0:06:56]} 29. Bxe6+
{[%clk 0:17:08]} Kh8 {[%clk 0:07:25]} 30. Qg2 {[%clk 0:16:47]} Qa3
{[%clk 0:06:55]} 31. Qc2 {[%clk 0:14:28]} Qa8 {[%clk 0:06:19]} 32. Bf5
{[%clk 0:13:47]} h6 {[%clk 0:06:12]} 33. Rf2 {[%clk 0:13:12]} b5 {[%clk 0:05:01]}
34. Be6 {[%clk 0:11:04]} Bh4 {[%clk 0:03:58]} 35. Rf3 {[%clk 0:09:41]} Qe8
{[%clk 0:03:44]} 36. Qg6 {[%clk 0:09:48]} Qc6 {[%clk 0:02:34]} 37. f5
{[%clk 0:07:06]} b4 38. f6 {[%clk 0:06:45]} Qb7 {[%clk 0:01:52]} 39. Bf5
{[%clk 0:06:26]} 1-0